000 00625nam a2200169 a 4500
001 000026160
005 20240704114906.0
008 110303s1999 dr ac 000 0 spa d
040 _aDO-SdBNP
_bspa
_cBNPHU
110 1 _aRepública Dominicana.
_bComisionado de Apoyo a la Reforma y Modernización de la Justicia
_917179
245 1 0 _aNovedades de la reforma judicial 1998-1999 /
_cCoordinador general Aura Celeste Fernández R.
260 _aSanto Domingo :
_bEditora Búho,
_c1999.
300 _a[s.p.] ;
_c27 p.
500 _aIncluye índice
700 1 _aFernández Rodríguez, Aura Celeste,
_d1959-
_976547
049 _aBNPD
999 _c25652
_d25652